| 000 | 00349nam a22001457a 4500 | ||
|---|---|---|---|
| 003 | SGT | ||
| 020 | _a9788131776513 | ||
| 082 | _a004.6782,SRI | ||
| 100 | _aSRINIVASAN,A. | ||
| 245 | _aCLOUD COMPUTING A PRACTICAL APPROACH FOR LEARNING & IMPLEMENTATION | ||
| 260 |
_aCHENNAI _bPEARSON |
||
| 300 | _a412 | ||
| 650 | _aCOMPUTER | ||
| 942 |
_2ddc _cBK _03 |
||
| 999 |
_c18372 _d18372 |
||